000 01582nam a2200397 a 4500
001 ebr10470630
003 CaPaEBR
006 m u
007 cr cn|||||||||
008 101027s2011 ne sb 001 0 eng d
010 _z 2010045616
020 _z9789004193819 (hardback : alk. paper)
020 _z9789004193826 (e-book)
040 _aCaPaEBR
_cCaPaEBR
035 _a(OCoLC)729749464
043 _aa-iq---
_aa-ir---
050 1 4 _aBM503.6
_b.C64 2011eb
082 0 4 _a296.1/20092235
_222
100 1 _aCohen, Barak S.
245 1 4 _aThe legal methodology of late Nehardean sages in Sasanian Babylonia
_h[electronic resource] /
_cby Barak S. Cohen.
260 _aLeiden ;
_aBoston :
_bBrill,
_cc2011.
300 _axii, 221 p.
490 1 _aBrill reference library of Judaism,
_x1571-5000 ;
_vv. 30
504 _aIncludes bibliographical references and indexes.
533 _aElectronic reproduction.
_bPalo Alto, Calif. :
_cebrary,
_d2013.
_nAvailable via World Wide Web.
_nAccess may be limited to ebrary affiliated libraries.
650 0 _aJewish law
_xMethodology.
650 0 _aJewish law
_xInterpretation and construction.
650 0 _aAmoraim.
650 0 _aRabbis
_zIraq
_zBabylonia.
650 0 _aJudaism
_xHistory
_yTalmudic period, 10-425.
651 0 _aNehardea (Extinct city)
655 7 _aElectronic books.
_2local
710 2 _aebrary, Inc.
830 0 _aBrill reference library of Judaism ;
_vv. 30.
856 4 0 _uhttp://site.ebrary.com/lib/rucke/Doc?id=10470630
_zAn electronic book accessible through the World Wide Web; click to view
999 _c115189
_d115189